01260cam a22003495a 45000010009000000050017000090080041000260200018000670200015000850400079001000820023001792450049002022460042002512500012002932600048003053000033003534900031003865000024004175000024004416500060004656500058005256510010005836530026005936550024006197000023006439420017006669990017006833360026007003370028007263380027007549520129007811697598720240818093011.0110926t2010 nyua fr 001 0 eng d a9780071623582 a0071623582 aTOHbengcTOHdQBXdYDXCPdIH7dUKMdDEBBGdBTCTAdORXdMYGdDLCdEG-ScBUE04a530.12076bQUA22200aQuantum mechanics /cYoav Peleg ... [et al.]33aSchaum's outline of quantum mechanics a2nd ed. aNew York :bMcGraw-Hill Companies,cc.2010. aix, 361 p. :bill. ;c28 cm.0 a Schaum’s outline series aIndex : p. 357-361. aPrevious ed.: 1998. 7aQuantum theoryvProblems, exercises, etc.2BUEsh941202 7aQuantum theoryvOutlines, syllabi, etc.2BUEsh941203 2BUEsh bENGELCcSeptember2016 vReading book9342321 aPeleg, Yoav941201 2ddchRDA-MOD c22393d22365 2rdacontentatextbtxt aunmediated2rdamediabn avolumebnc2rdacarrier 00102ddc40708BaccahaMAINbMAINc1STd2016-09-25ePurchaseg280.00l0o530.12076 QUAp000033644r2025-07-15 00:00:00yBB